PRAKIRTIK CHIKITSHA EVAM YOGA: PURNA SWASTHA KA MULL (Record no. 24571)

MARC details
000 -LEADER
fixed length control field 00425nam a22001697a 4500
003 - CONTROL NUMBER IDENTIFIER
control field SGT
020 ## - INTERNATIONAL STANDARD BOOK NUMBER
International Standard Book Number 9789392787225
082 ## - DEWEY DECIMAL CLASSIFICATION NUMBER
Classification number 610.73
Item number P22R
100 ## - MAIN ENTRY--PERSONAL NAME
Personal name RASTOGI,RAJIV
245 ## - TITLE STATEMENT
Title PRAKIRTIK CHIKITSHA EVAM YOGA: PURNA SWASTHA KA MULL
250 ## - EDITION STATEMENT
Edition statement 1ST
260 ## - PUBLICATION, DISTRIBUTION, ETC. (IMPRINT)
Place of publication, distribution, etc NEW DELHI
Name of publisher, distributor, etc S.S.BOOKS
Year of Publication 2022
300 ## - PAGE DESCRIPTION
No. of Pages 56
650 ## - SUBJECT ADDED ENTRY--TOPICAL TERM
Topical term or geographic name as entry element NATUROPATHY
653 ## - KEYWORDS--INDEX TERM
Keyword term PRAKIRTIK, CHIKITSHA ,YOGA, SWASTHA, MULL
942 ## - ADDED ENTRY ELEMENTS (KOHA)
Source of classification or shelving scheme Dewey Decimal Classification
Koha item type Books
942 ## - ADDED ENTRY ELEMENTS (KOHA)
-- 20
Holdings
Withdrawn status Lost status Source of classification or shelving scheme Damaged status Use restrictions Not for loan Collection code Home library Current library Shelving location Date acquired Vendor Name Cost, normal purchase price SGTU Total Checkouts Full call number Accession No. (Barcode) Date last seen Date last borrowed Bill Date Koha item type
    Dewey Decimal Classification   Restricted Access   AYURVEDA SGT FA-FP Library SGT FA-FP Library Reference Book 02/08/2023 SGT UNIVERSITY 295.00 SGTU 20 610.73 P22R FA11892 01/03/2024 01/03/2024 02/08/2023 Books